Welcome to CU Library Online Public Access Catalogue (OPAC)

The mediation field guide : (Record no. 4507)

MARC details
000 -LEADER
fixed length control field 01066cam a22002654a 4500
001 - CONTROL NUMBER
control field 12375305
005 - DATE AND TIME OF LATEST TRANSACTION
control field 20250304102337.0
008 - FIXED-LENGTH DATA ELEMENTS--GENERAL INFORMATION
fixed length control field 010410s2001 cau b 001 0 eng
020 ## - INTERNATIONAL STANDARD BOOK NUMBER
International Standard Book Number 078795571X (alk. paper)
050 00 - LIBRARY OF CONGRESS CALL NUMBER
Classification number HD42
Item number .P48 2001
082 00 - DEWEY DECIMAL CLASSIFICATION NUMBER
Classification number 658.4/053
Edition information 21
100 1# - MAIN ENTRY--PERSONAL NAME
Personal name Phillips, Barbara Ashley,
Dates associated with a name 1935-
245 14 - TITLE STATEMENT
Title The mediation field guide :
Remainder of title transcending litigation and resolving conflicts in your business or organization /
Statement of responsibility, etc. Barbara Ashley Phillips.
250 ## - EDITION STATEMENT
Edition statement 1st ed.
260 ## - PUBLICATION, DISTRIBUTION, ETC.
Place of publication, distribution, etc. San Francisco :
Name of publisher, distributor, etc. Jossey-Bass,
Date of publication, distribution, etc. c2001.
300 ## - PHYSICAL DESCRIPTION
Extent xxvi, 321 p. ;
Dimensions 24 cm.
650 #0 - SUBJECT ADDED ENTRY--TOPICAL TERM
Topical term or geographic name entry element Conflict management.
650 #0 - SUBJECT ADDED ENTRY--TOPICAL TERM
Topical term or geographic name entry element Mediation.
650 #0 - SUBJECT ADDED ENTRY--TOPICAL TERM
Topical term or geographic name entry element Mediation and conciliation, Industrial.
650 #0 - SUBJECT ADDED ENTRY--TOPICAL TERM
Topical term or geographic name entry element Dispute resolution (Law)
856 42 - ELECTRONIC LOCATION AND ACCESS
Materials specified Contributor biographical information
Uniform Resource Identifier <a href="http://www.loc.gov/catdir/bios/wiley043/2001002180.html">http://www.loc.gov/catdir/bios/wiley043/2001002180.html</a>
856 42 - ELECTRONIC LOCATION AND ACCESS
Materials specified Publisher description
Uniform Resource Identifier <a href="http://www.loc.gov/catdir/description/wiley035/2001002180.html">http://www.loc.gov/catdir/description/wiley035/2001002180.html</a>
856 4# - ELECTRONIC LOCATION AND ACCESS
Materials specified Table of Contents
Uniform Resource Identifier <a href="http://www.loc.gov/catdir/toc/onix06/2001002180.html">http://www.loc.gov/catdir/toc/onix06/2001002180.html</a>
942 ## - ADDED ENTRY ELEMENTS (KOHA)
Source of classification or shelving scheme Library of Congress Classification
Koha item type Books
Suppress in OPAC No
999 ## -
-- 4507
-- 4507
Holdings
Withdrawn status Lost status Source of classification or shelving scheme Damaged status Not for loan Collection Home library Current library Shelving location Date acquired Total checkouts Full call number Barcode Date last seen Copy number Price effective from Koha item type
    Library of Congress Classification     Non-fiction Undergraduate Library (Christ Temple) Undergraduate Library (Christ Temple) General stacks 03/04/2025   HD42PHI ulct00001505 03/04/2025 1 03/04/2025 Books
    Library of Congress Classification     Non-fiction Undergraduate Library (Christ Temple) Undergraduate Library (Christ Temple) General stacks 03/04/2025   HD42PHI ulct00001506 03/04/2025 2 03/04/2025 Books
© 2023-2024 Copyright: Central University Libraries. All Rights Reserved | Created by: Mahone Tech Office